|
|
|
|
| LEADER |
00000nab a2200000uu 4500 |
| 001 |
vtls011135868 |
| 003 |
SK-MaSNL |
| 005 |
20260303125258.0 |
| 008 |
230218|2010 xo |||||||||||||||||cze| |
| 015 |
|
|
|a SNBRB
|
| 035 |
|
|
|a (urnnbn)urn:nbn:sk:snk:ar-007p1u
|
| 035 |
|
|
|a (uuid)cc55686a-87c7-4420-8bcc-a255073a3f88
|
| 035 |
|
|
|a urn:nbn:sk:snk-abaoul
|
| 040 |
|
|
|a SNKBUCL
|b slo
|c SNKBUCL
|e AACR2
|
| 041 |
0 |
|
|a cze
|
| 044 |
|
|
|a xo
|c SK
|
| 100 |
1 |
|
|a Štork, J.
|4 aut
|9 1143508
|
| 245 |
1 |
0 |
|a Klinický případ: Hnědavá papula na hrudi
|c J. Štork, K. Smetana Jr., L. Lacina, O. Kodet
|
| 700 |
1 |
|
|a Smetana, K. Jr.
|4 aut
|9 835982
|
| 700 |
1 |
|
|a Lacina, L.
|4 aut
|9 1143526
|
| 700 |
1 |
|
|a Kodet, O.
|4 aut
|9 1143527
|
| 773 |
0 |
|
|t Česko-slovenská dermatologie : časopis dermatovenerologických společností
|g Roč. 85, č. 5 (2010), s. 285-287
|
| 954 |
|
|
|a odborná, vedecká literatúra cudzojazyčná (svetová)
|2 lita
|
| 958 |
|
|
|a OND
|
| 958 |
|
|
|a EUIPO
|
| 958 |
|
|
|a article14
|
| 999 |
|
|
|c 1933992
|d 1935922
|